LEADER 01351nam a2200277 a 4500 001 000000121406 003 CaOOAMICUS 005 20100427142212.0 008 100427t2010 it u000 u ita r 020 $z978-88-30016-6* 040 $aPUL$bita$dReb 082 04$a348.45 245 03$aLa disciplina dell'autotutela :$bnel diritto costituzionale, civile, penale, del lavoro, amministrativo, tributario, comunitario ed internazionale /$ca cura di Pasquale Gianniti. 260 $aPadova :$bCEDAM,$c2010. 300 $axvi, 641 p. ;$c25 cm 490 1 $aSapere diritto ;$v10 650 4$aTutela dei diritti.$0(OLS)http://pul/subject/17090 700 1 $aGianniti, Pasquale.$0(OLS)http://pul/name/64095 830 0$aSapere diritto ;$v10.$0(OLS)http://pul/title/137468 850 $aPUL 852 $aPUL$W1$xSL Diritto e Scienze Sociali 3$y79$m348. 45 COLL 3.10$j139266$qDDC 21$B138481$CPULBib$Z2$F138481 $H113374 $82 941 1 $a9 996 $6020$z978-88-30016-6*$9(OLS)http://pul/number/144024 996 $6082$a348.45$9(OLS)http://pul/classification/373 996 $6245$aLa disciplina dell'autotutela :$bnel diritto costituzionale, civile, penale, del lavoro, amministrativo, tributario, comunitario ed internazionale$9(OLS)http://pul/title/152740 996 $6260$aPadova :$bCEDAM$9(OLS)http://pul/publisher/48126 LEADER 00936nam a2200229 u 4500 001 000000077666 003 CaOOAMICUS 005 20070226123339.0 008 040220s2003 it f u000 u ita u 035 $a10984915 040 $aPUL$bita 100 1 $aCamisasca, Massimo.$0(OLS)http://pul/name/26401 245 10$aComunione e liberazione :$bla ripresa (1969-1976) /$cMassimo Camisasca. 260 $aCinisello Balsamo :$bSan Paolo,$cc2003. 300 $a447 p., [8] p. di tav. ;$c21 cm 500 $a"Indice dei nomi": p. 429-442. 504 $aBibliografia in nota. 850 $aPUL 852 $aPUL$W1$xDP1 Cons. Gen., Altre Classi 1$y22$m43 N 44$j99726$nBK-PRI$b $qStampati$B99726$CPULBib$Z2$F99726 $HPUL91485 $81 941 1 $a8 996 $6245$aComunione e liberazione :$bla ripresa (1969-1976)$9(OLS)http://pul/title/101845 996 $6260$aCinisello Balsamo :$bSan Paolo$9(OLS)http://pul/publisher/54577